| 000 | 00413nam a22001577a 4500 | ||
|---|---|---|---|
| 003 | SGT | ||
| 020 | _a9780781769815 | ||
| 082 |
_a616.85520 _bL08C |
||
| 100 | _aCHAPEY, ROBERTA | ||
| 245 | _aLANGUAGE INTERVETION STRATEGIES IN APHASIA & RELATED NEUROGENIC COMMUNICATION DISORDERS | ||
| 250 | _a5TH | ||
| 260 |
_aPHILADELPHIA _bWOLTERS KLUWER _c2008 |
||
| 300 | _a1091 | ||
| 650 | _aAUDIOLOGY | ||
| 942 |
_2ddc _cBK |
||
| 999 |
_c20791 _d20791 |
||